Diaspora dhe Politikat e Migracionit : (Record no. 177)
[ view plain ]
| 000 -LEADER | |
|---|---|
| fixed length control field | 00708nam a22001817a 4500 |
| 008 - FIXED-LENGTH DATA ELEMENTS--GENERAL INFORMATION | |
| fixed length control field | 131028b xxu||||| |||| 00| 0 alb d |
| 041 0# - LANGUAGE CODE | |
| Language code of text/sound track or separate title | alb |
| 080 ## - UNIVERSAL DECIMAL CLASSIFICATION NUMBER | |
| Universal Decimal Classification number | 327 |
| Common auxiliary subdivision | (082) |
| 245 ## - TITLE STATEMENT | |
| Title | Diaspora dhe Politikat e Migracionit : |
| 260 ## - | |
| -- | Prishtinë : |
| -- | Forum 2015 ; |
| -- | 2007. |
| 300 ## - | |
| -- | 68 f. ; |
| -- | 24 cm. |
| 490 ## - | |
| -- | koalicioni për integrime euro-atlantike |
| 505 ## - | |
| -- | Bibliografia : f. 67 |
| 650 ## - | |
| -- | Marrëdhënie ndërkombëtare |
| 650 ## - | |
| -- | Emigrimi |
| 700 ## - | |
| -- | Mustafa, Muhamet |
| 942 ## - ADDED ENTRY ELEMENTS (KOHA) | |
| Source of classification or shelving scheme | |
| Item type | Books |
| Withdrawn status | Lost status | Source of classification or shelving scheme | Damaged status | Not for loan | Collection code | Permanent location | Current location | Shelving location | Date acquired | Total Checkouts | Full call number | Barcode | Date last seen | Koha item type |
|---|---|---|---|---|---|---|---|---|---|---|---|---|---|---|
| Koleksioni i përgjithshem | UBT - Prishtine | UBT - Prishtine | Koleksioni i përgjithshem | 10/28/2013 | 327 (082) DIA | 001-000198 | 10/28/2013 | Books | ||||||
| Koleksioni i përgjithshem | UBT - Prishtine | UBT - Prishtine | Koleksioni i përgjithshem | 10/28/2013 | 327 (082) DIA | 001-000199 | 10/28/2013 | Books | ||||||
| Koleksioni i përgjithshem | UBT - Prishtine | UBT - Prishtine | Koleksioni i përgjithshem | 10/28/2013 | 327 (082) DIA | 001-000200 | 10/28/2013 | Books | ||||||
| Koleksioni i përgjithshem | UBT - Prishtine | UBT - Prishtine | Koleksioni i përgjithshem | 10/28/2013 | 327 (082) DIA | 001-000201 | 10/28/2013 | Books |